| 000 | 00000nam##2200000za#4500 |
| 001 | 9.691120 |
| 003 | CaOODSP |
| 005 | 20210624232629 |
| 007 | cr ||||||||||| |
| 008 | 150407|2007||||xxc|||||o f|0| 0 eng|d |
| 020 | |a978-1-100-10010-4 |
| 040 | |aCaOODSP|beng |
| 043 | |an-cn--- |
| 086 | 1 |aH34-172/2-2007E-PDF |
| 110 | 1 |aCanada. |bHealth Canada. |bFirst Nations and Inuit Health Branch. |
| 245 | 10|aReview of literature and national health data sources : |h[electronic resource]|ban assessment of continuing care requirements in First Nations and Inuit communities / |cprepared to Health Canada by Hollander Analytical Services Ltd. |
| 260 | |aOttawa - Ontario : |bHealth Canada. |cc2008. |
| 300 | |a175p.|bfigs., graphs, references, tables |
| 500 | |aThe catalogue number (H34-172/2-2007E) and ISBN (978-0-662-45737-4) for the print edition have been incorrectly copied in this PDF version. |
| 590 | |a10-10-Supp|b2010-11-09 |
| 690 | 07|aHealth|2gcpds |
| 775 | 08|tExamen de la documentation et des sources de données nationales sur la santé : |w(CaOODSP)9.635455 |
| 856 | 40|ahttp://publications.gc.ca|qPDF|s2858 KB|uhttps://publications.gc.ca/collections/collection_2009/sc-hc/H34-172-2-2007E.pdf |
| 986 | |aHC Pub. No.: 3470 |